000 00825cam a2200253 i 4500
001 bg
003 KOSZ 005
005 20190823130914.0
008 981012s1998 pl f f |000 0 pol d
020 _a830112458X
040 _cKOSZ 005/HR
_aKOSZ 005/HR
_dKOSZ 005/HR
080 _a311
080 _a(075.8)
100 1 _aKukuła, Karol
_d(1948- ).
245 1 0 _aElementy statystyki w zadaniach /
_cKarol Kukuła.
260 _aWarszawa :
_bWydaw. Naukowe PWN,
_c1998.
300 _a224, [1] s. :
_bwykr. ;
_c24 cm.
504 _aBibliogr. s.224-[225].
655 4 _aPodręczniki akademickie
650 4 _aStatystyka
710 2 _aWydawnictwo Naukowe PWN
_4pbl.
856 _uhttp://koha.tu.koszalin.pl/cgi-bin/koha/opac-detail.pl?biblionumber=33643
_yKatalog online BPK
942 _cKS
_2UKD
999 _c33643
_d33643